Documentary materials in Asian countries: report of a survey (Record no. 479973)

000 -LEADER
fixed length control field 00443cam a22001217a 4500
008 - FIXED-LENGTH DATA ELEMENTS--GENERAL INFORMATION
fixed length control field 180718b1963 xxu||||| |||| 00| 0 eng d
082 ## - DEWEY DECIMAL CLASSIFICATION NUMBER
Classification number A2x5 In7
245 ## - TITLE STATEMENT
Title Documentary materials in Asian countries: report of a survey
Statement of responsibility, etc. by Institute of Asian Economic Affairs, Tokyo
260 ## - PUBLICATION, DISTRIBUTION, ETC.
Place of publication, distribution, etc. Tokyo
Name of publisher, distributor, etc. Institute of Asian Economic Affairs
Date of publication, distribution, etc. 1963
300 ## - PHYSICAL DESCRIPTION
Extent 198p.
650 ## - SUBJECT ADDED ENTRY--TOPICAL TERM
Topical term or geographic name entry element Asia - Bibliography - Sources
700 ## - ADDED ENTRY--PERSONAL NAME
Personal name Institute of Asian Economic Affairs
Holdings
Withdrawn status Lost status Damaged status Not for loan Permanent Location Current Location Date acquired Full call number Barcode Date last seen Price effective from Koha item type
        Indian Institute of Public Administration Indian Institute of Public Administration 2018-08-04 A2x5 In7 GR7654 2018-08-04 2018-08-04 GR

Powered by Koha